000 01158nam a22003377a 4500
003 CHAP
005 20220329134849.0
008 971013s1986 r 10010 d
010 _a27117
011 _a28089
035 _a32191
040 _cCHAP
090 _aFolleto 11175
111 0 0 _aCongreso Nacional de Estudios de Postgrado (
_n1
_d: 1986
_c: México, D.F.)
_926958
245 _aPonencias
260 _aMéxico, D.F. :
_bUNAM,
_c1986
300 _app. 29-68
490 _aForo universitario epoca II año 6, 1986
590 _aBATCH-UPD
_b10
_c20130110
_lUCH01
_h0031
590 _aBATCH-UPD
_b10
_c20130110
_lUCH01
_h1936
590 _aBATCH-UPD
_b10
_c20130409
_lUCH01
_h2013
590 _aBATCH-UPD
_b10
_c20130410
_lUCH01
_h1300
590 _aBATCH-UPD
_b10
_c20130914
_lUCH01
_h1033
590 _aCONVERSION
_b10
_c20130109
_lUCH01
_h1316
650 1 4 _aEducación superior
_xCongresos.
_935617
710 0 _aUniversidad Nacional Autónoma de México. Sindicato de Trabajadores.
_9116563
830 0 _aForo universitario epoca II año 6, 1986
_942542
901 _aBK
942 _cFOLL
949 _aFolleto 11175
_bBC
_cCONG
_d-74457
_eCONG
_i32191
_si
999 _c27117
_d27117